<?xml version="1.0" encoding="UTF-8"?><marc:collection xmlns:marc="http://www.loc.gov/MARC21/slim">
  <marc:record>
    <marc:leader>00000cam  2200000za 4500</marc:leader>
    <marc:controlfield tag="001">9.838097</marc:controlfield>
    <marc:controlfield tag="003">CaOODSP</marc:controlfield>
    <marc:controlfield tag="005">20260319105344</marc:controlfield>
    <marc:controlfield tag="007">cr |||||||||||</marc:controlfield>
    <marc:controlfield tag="008">170619s2017    oncabd  ob   f000 0 fre d</marc:controlfield>
    <marc:datafield tag="020" ind1=" " ind2=" ">
      <marc:subfield code="a">978-0-660-08779-5</marc:subfield>
    </marc:datafield>
    <marc:datafield tag="040" ind1=" " ind2=" ">
      <marc:subfield code="a">CaOODSP</marc:subfield>
      <marc:subfield code="b">fre</marc:subfield>
    </marc:datafield>
    <marc:datafield tag="043" ind1=" " ind2=" ">
      <marc:subfield code="a">n-cn---</marc:subfield>
      <marc:subfield code="a">n-cn-nt</marc:subfield>
      <marc:subfield code="a">n-cn-nu</marc:subfield>
    </marc:datafield>
    <marc:datafield tag="086" ind1="1" ind2=" ">
      <marc:subfield code="a">CW66-560/2017F-PDF</marc:subfield>
    </marc:datafield>
    <marc:datafield tag="245" ind1="0" ind2="0">
      <marc:subfield code="a">Évaluation des connaissances (communautaires et scientifiques) aux fins de la désignation de l’habitat essentiel du caribou de Peary (Rangifer tarandus pearyi) dans l’Arctique canadien </marc:subfield>
      <marc:subfield code="h">[ressource électronique].</marc:subfield>
    </marc:datafield>
    <marc:datafield tag="260" ind1=" " ind2=" ">
      <marc:subfield code="a">Ottawa : </marc:subfield>
      <marc:subfield code="b">Environnement et changement climatique Canada, </marc:subfield>
      <marc:subfield code="c">c2017.</marc:subfield>
    </marc:datafield>
    <marc:datafield tag="300" ind1=" " ind2=" ">
      <marc:subfield code="a">xi, 270 p. : </marc:subfield>
      <marc:subfield code="b">cartes en coul., graph. en coul., ill. en coul.</marc:subfield>
    </marc:datafield>
    <marc:datafield tag="500" ind1=" " ind2=" ">
      <marc:subfield code="a">Publ. aussi en anglais sous le titre : Knowledge assessment (community and scientific) to inform the identification of critical habitat for Peary caribou, Rangifer tarandus pearyi, in the Canadian Arctic.</marc:subfield>
    </marc:datafield>
    <marc:datafield tag="500" ind1=" " ind2=" ">
      <marc:subfield code="a">Titre de la couv.</marc:subfield>
    </marc:datafield>
    <marc:datafield tag="500" ind1=" " ind2=" ">
      <marc:subfield code="a">Auteurs cités sur le verso de la p. de t. : Johnson, C.A., Neave, E., Blukacz-Richards, A., Banks, S.N. et P.E. Quesnelle.</marc:subfield>
    </marc:datafield>
    <marc:datafield tag="504" ind1=" " ind2=" ">
      <marc:subfield code="a">Comprend des références bibliographiques.</marc:subfield>
    </marc:datafield>
    <marc:datafield tag="505" ind1="0" ind2="0">
      <marc:subfield code="t">Évaluation des connaissances (communautaires et scientifiques) aux fins de la désignation de l’habitat essentiel du caribou de Peary (Rangifer tarandus pearyi) dans l’Arctique canadien --</marc:subfield>
      <marc:subfield code="g">Annexe I. </marc:subfield>
      <marc:subfield code="t">Délimitation des unités de population locales pour la modélisation de la population --</marc:subfield>
      <marc:subfield code="g">Annexe II. </marc:subfield>
      <marc:subfield code="t">Menaces pour les populations et facteurs ayant une influence sur l’utilisation de l’habitat et la condition des populations --</marc:subfield>
      <marc:subfield code="g">Annexe III. </marc:subfield>
      <marc:subfield code="t">Modélisation des besoins du caribou de Peary en matière d’habitat saisonnier --</marc:subfield>
      <marc:subfield code="g">Annexe IV.</marc:subfield>
      <marc:subfield code="t">Revue des caractéristiques d’habitat --</marc:subfield>
      <marc:subfield code="g">Annexe V. </marc:subfield>
      <marc:subfield code="t">Méthode de zonage visant à déterminer la quantité d’habitat essentiel nécessaire au caribou de Peary --</marc:subfield>
      <marc:subfield code="g">Annexe VI. </marc:subfield>
      <marc:subfield code="t">EstImations des effectifs des populations locales de caribous de Peary --</marc:subfield>
      <marc:subfield code="g">Annexe VII. </marc:subfield>
      <marc:subfield code="t">Paramètres démographiques du caribou de Peary.</marc:subfield>
    </marc:datafield>
    <marc:datafield tag="520" ind1=" " ind2=" ">
      <marc:subfield code="a">« Le présent rapport décrit les travaux réalisés aux fins de la désignation de l’habitat essentiel du caribou de Peary (Rangifer tarandus pearyi) au Canada, démarche nécessaire à la préparation d’un programme de rétablissement fédéral pour cette espèce en vertu de la Loi sur les espèces en péril. Le programme de rétablissement est élaboré dans le cadre d’un processus distinct par le Service canadien de la faune. Le présent rapport présente un cadre de travail conceptuel qui décrit les étapes du processus d’évaluation des connaissances aux fins de la désignation de l’habitat essentiel du caribou de Peary fondée sur des connaissances scientifiques et communautaires. Il décrit les données nécessaires et disponibles à l’appui de la mise en œuvre du cadre, et il emploie divers critères et analyses pour évaluer et décrire la condition des populations et les besoins en matière d’habitat dans l’ensemble de l’aire de répartition actuelle du caribou de Peary au Canada. Ce rapport traite des limites des données et des lacunes dans les connaissances, mais conclut toutefois que l’ensemble des connaissances disponible est suffisant, d’un point de vue scientifique, pour éclairer la désignation de l’habitat essentiel du caribou de Peary. Les méthodes utilisées pour mettre à jour cette évaluation sont présentées dans l’optique d’un cycle de gestion adaptative visant à favoriser le rétablissement du caribou de Peary au Canada »--Avant-propos, p. i.</marc:subfield>
    </marc:datafield>
    <marc:datafield tag="692" ind1="0" ind2="7">
      <marc:subfield code="2">gccst</marc:subfield>
      <marc:subfield code="a">Espèce menacée</marc:subfield>
    </marc:datafield>
    <marc:datafield tag="692" ind1="0" ind2="7">
      <marc:subfield code="2">gccst</marc:subfield>
      <marc:subfield code="a">Habitat</marc:subfield>
    </marc:datafield>
    <marc:datafield tag="692" ind1="0" ind2="7">
      <marc:subfield code="2">gccst</marc:subfield>
      <marc:subfield code="a">Conservation de la nature</marc:subfield>
    </marc:datafield>
    <marc:datafield tag="700" ind1="1" ind2=" ">
      <marc:subfield code="a">Johnson, C. A.</marc:subfield>
      <marc:subfield code="q">(Cheryl Ann),</marc:subfield>
      <marc:subfield code="d">1974-</marc:subfield>
    </marc:datafield>
    <marc:datafield tag="710" ind1="1" ind2=" ">
      <marc:subfield code="a">Canada.</marc:subfield>
      <marc:subfield code="b">Environnement et changement climatique Canada.</marc:subfield>
      <marc:subfield code="b">Sciences et technologie.</marc:subfield>
    </marc:datafield>
    <marc:datafield tag="775" ind1="0" ind2="8">
      <marc:subfield code="t">Knowledge assessment (community and scientific) to inform the identification of critical habitat for Peary caribou, Rangifer tarandus pearyi, in the Canadian Arctic </marc:subfield>
      <marc:subfield code="w">(CaOODSP)9.838094</marc:subfield>
    </marc:datafield>
    <marc:datafield tag="856" ind1="4" ind2="0">
      <marc:subfield code="q">PDF</marc:subfield>
      <marc:subfield code="s">3.64 Mo</marc:subfield>
      <marc:subfield code="u">https://publications.gc.ca/collections/collection_2017/eccc/CW66-560-2017-fra.pdf</marc:subfield>
    </marc:datafield>
  </marc:record>
</marc:collection>
